| 000 | 00695nam a2200229Ia 4500 | ||
|---|---|---|---|
| 003 | OSt | ||
| 005 | 20220928131347.0 | ||
| 006 | a|||||r|||| 00| 0 | ||
| 007 | ta | ||
| 008 | 220927b |||||||| |||| 00| 0 eng d | ||
| 024 | _a44963 | ||
| 037 | _cTextual | ||
| 040 |
_aSDCL _cSDCL _beng |
||
| 041 |
_2eng _aeng |
||
| 082 | _aX652:(D6,8(B)), N5 | ||
| 100 |
_aReddy Michael T _9477798 |
||
| 245 | 0 |
_aSecurities operations _b A guide to operations and information systems in the securities industry. |
|
| 260 |
_aNew Jersey _bPrentice-Hall _c1995 |
||
| 300 |
_axxiv,626p _ccm. |
||
| 942 |
_hX652:(D6,8(B)), N5 _cTEXL _2CC |
||
| 999 |
_c790303 _d790303 |
||